Autobiographies of an angel (Record no. 85811)
[ view plain ]
| 000 -LEADER | |
|---|---|
| fixed length control field | 00768 a2200241 4500 |
| 003 - CONTROL NUMBER IDENTIFIER | |
| control field | CBULib |
| 005 - DATE AND TIME OF LATEST TRANSACTION | |
| control field | 20250304082723.0 |
| 008 - FIXED-LENGTH DATA ELEMENTS--GENERAL INFORMATION | |
| fixed length control field | 241203b |||||||| |||| 00| 0 eng d |
| 020 ## - INTERNATIONAL STANDARD BOOK NUMBER | |
| International Standard Book Number | 9780300247411 |
| 040 ## - CATALOGING SOURCE | |
| Language of cataloging | English |
| Transcribing agency | CBULib |
| Description conventions | rda |
| 050 ## - LIBRARY OF CONGRESS CALL NUMBER | |
| Classification number | PH 3351.S362 A8513 |
| 100 ## - MAIN ENTRY--PERSONAL NAME | |
| Personal name | Schein, Gabor |
| 245 ## - TITLE STATEMENT | |
| Title | Autobiographies of an angel |
| Statement of responsibility, etc | / by Gabor Schein |
| 260 ## - PUBLICATION, DISTRIBUTION, ETC. (IMPRINT) | |
| Name of publisher, distributor, etc | Yale University Press, |
| Date of publication, distribution, etc | 2022 |
| Place of publication, distribution, etc | New Haven : |
| 300 ## - PHYSICAL DESCRIPTION | |
| Extent | 214 pages |
| 336 ## - CONTENT TYPE | |
| Source | rdacontent |
| Content type term | Text | |
| Content type code | txt |
| 337 ## - MEDIA TYPE | |
| Source | rdamedia |
| Media type term | Unmediated | |
| Media type code | n |
| 338 ## - CARRIER TYPE | |
| Source | rdacarrier |
| Carrier type term | Volume |
| Carrier type code | nc |
| 650 #0 - SUBJECT ADDED ENTRY--TOPICAL TERM | |
| 9 (RLIN) | 4075 |
| Topical term or geographic name as entry element | Fiction HOLOCAUST, JEWISH (1939 - 1945) FICTION |
| 650 #0 - SUBJECT ADDED ENTRY--TOPICAL TERM | |
| 9 (RLIN) | 4076 |
| Topical term or geographic name as entry element | NETHERLANDS HAGUE |
| 650 #0 - SUBJECT ADDED ENTRY--TOPICAL TERM | |
| 9 (RLIN) | 4077 |
| Topical term or geographic name as entry element | HAGUE (NETHERLANDS) - HISTORY - 18TH CENTURY HUNAGARY |
| 942 ## - ADDED ENTRY ELEMENTS (KOHA) | |
| Source of classification or shelving scheme | |
| Koha item type | MONOGRAPH |
| Withdrawn status | Lost status | Source of classification or shelving scheme | Damaged status | Not for loan | Collection code | Permanent Location | Current Location | Shelving location | Date acquired | Source of acquisition | Cost, normal purchase price | Full call number | Barcode | Date last seen | Price effective from | Koha item type |
|---|---|---|---|---|---|---|---|---|---|---|---|---|---|---|---|---|
| CBU-Lusaka Campus | CBU- LUSAKA CAMPUS | CBU-MAIN LIBRARY, KITWE. | General Stacks | 12/03/2024 | BOOK AID INTERNATIONAL | 13.37 | PH 3351.S362 A8513 | 753154 | 12/03/2024 | 12/03/2024 | MONOGRAPH | |||||
| CBU-Lusaka Campus | CBU- LUSAKA CAMPUS | CBU-MAIN LIBRARY, KITWE. | General Stacks | 12/03/2024 | BOOK AID INTERNATIONAL | 13.37 | PH 3351.S362 A8513 | 753153 | 12/03/2024 | 12/03/2024 | MONOGRAPH | |||||
| Main Library Open Access Collection | CBU-MAIN LIBRARY, KITWE. | CBU-MAIN LIBRARY, KITWE. | General Stacks | 03/04/2025 | BOOK AID INTERNATIONAL | 13.37 | PH 3351.S362 A8513 | 353497 | 03/04/2025 | 03/04/2025 | MONOGRAPH | |||||
| Main Library Open Access Collection | CBU-MAIN LIBRARY, KITWE. | CBU-MAIN LIBRARY, KITWE. | General Stacks | 03/04/2025 | BOOK AID INTERNATIONAL | 13.37 | PH 3351.S362 A8513 | 753498 | 03/04/2025 | 03/04/2025 | MONOGRAPH |